• 首页
  • 本馆介绍
  • 公告通知
  • 最新文献
  • 馆藏检索
  • 电子资源
  • 读者导购
  • 参考咨询
  • 我的图书馆
  • 登录
  • 详细信息显示
  • 放入我的书架
  • 预约/预借图书
  • 作者相关作品
  • 分类相关作品
  • 丛书相关作品
  • 出版社相关作品

书目信息

  • 表格格式
  • 工作单格式
  • 卡片格式
题名:
语言学概论
    
 
作者: 岑运强 主编
分册:  
出版信息: 北京   中国人民大学出版社  2004
页数: 324页
开本: 23cm
丛书名:
单 册:
中图分类: H0
科图分类:
主题词: 语言学--高等学校--教材
电子资源:
ISBN: 7-300-06027-7
000 01094nam0 2200313 450
000 01057nam0 2200301 450
000 01053nam0 2200313 450
000 00999nam0 2200289 450
000 01028nam0 2200277 450
000 00991nam0 2200265 45
001 TS-115233
005 20070113164459.85
010    @a7-300-06027-7@dCNY22.00
100    @a20060829d2004 em y0chiy0110 ea
101 0  @achi
102    @aCN@b110000
105    @ay z 000yy
200 1  @a语言学概论@AYu Yan Xue Gai Lun@f岑运强主编@FCen Yun Qiang Zhu Bian
210    @a北京@c中国人民大学出版社@d2004
215    @a324页@d23cm
300    @a21世纪中国语言文学通用教材
330    @a本书以语言—言语、共时—历时、内部—外部等三种语言学理论作为内容体系,对现代语言学之父索绪尔提出但并没有进一步研究的言语语言学进行全面探讨。
606 0  @a语言学@x高等学校@x教材
690    @aH0@v4
701  0 @a岑运强@ACen Yun Qiang@4主编
801  0 @aCN@b中图数据@c20070113
905    @a10447@dH0@e154
    
    语言学概论/岑运强主编.-北京:中国人民大学出版社,2004
    324页;23cm
    21世纪中国语言文学通用教材
    
    ISBN 7-300-06027-7:CNY22.00
    本书以语言—言语、共时—历时、内部—外部等三种语言学理论作为内容体系,对现代语言学之父索绪尔提出但并没有进一步研究的言语语言学进行全面探讨。
●
相关链接 在E读中查询图书 在五车中查询图书 在当当中查询图书 在豆瓣中查询图书


正题名:语言学概论     索取号:H0/154         预约/预借

序号 登录号 条形码 馆藏地/架位号 状态 备注
1 0609215   206092155   第二样本阅览室/ [索取号:H0/154] 在馆    
2 0609216   206092164   第四借阅区/ [索取号:H0/154] 在馆    
3 0609217   206092173   第四借阅区/ [索取号:H0/154] 在馆    
4 0609218   206092182   第四借阅区/ [索取号:H0/154] 在馆    
5 0609219   206092191   第四借阅区/ [索取号:H0/154] 在馆    
6 0609220   206092208   第四借阅区/ [索取号:H0/154] 在馆    
唐山师范学院图书馆 欢迎您!
大连网信软件有限公司© 版权所有